Magyar nemzetségi czímerek [!címerek]
Elmentve itt :
| Szerző: | |
|---|---|
| Dokumentumtípus: | Cikk |
| Megjelent: |
1904
|
| Sorozat: | Kolligátum
|
| Kulcsszavak: | Családtörténet - magyar - 13-14. sz., Címer - magyar - 13-14. sz. |
| Online Access: | http://misc.bibl.u-szeged.hu/22702 |
| LEADER | 00584nab a2200169 i 4500 | ||
|---|---|---|---|
| 001 | misc22702 | ||
| 005 | 20191108150448.0 | ||
| 008 | 170914s1904 hu o 0|| zxx d | ||
| 040 | |a SZTE Miscellanea Repozitórium |b hun | ||
| 041 | |a zxx | ||
| 100 | 1 | |a Csoma József | |
| 245 | 1 | 0 | |a Magyar nemzetségi czímerek [!címerek] |h [elektronikus dokumentum] / |c Csoma József |
| 260 | |c 1904 | ||
| 300 | |a 1-175 | ||
| 490 | 0 | |a Kolligátum | |
| 695 | |a Családtörténet - magyar - 13-14. sz., Címer - magyar - 13-14. sz. | ||
| 856 | 4 | 0 | |u http://misc.bibl.u-szeged.hu/22702/1/18153_001-175.pdf |z Dokumentum-elérés |